Journal of chemical education software;special issue 16 = General chemistry collection

Guardat en:
Dades bibliogràfiques
Format: Llibre
Idioma:Undetermined
Publicat: Madison, WI Univ. of Wiscosin-Madison 1998
Matèries:
Etiquetes: Afegir etiqueta
Sense etiquetes, Sigues el primer a etiquetar aquest registre!
Thư viện lưu trữ: Trung tâm Học liệu Trường Đại học Cần Thơ
LEADER 00488nam a2200169Ia 4500
001 CTU_55045
008 210402s9999 xx 000 0 und d
020 |b 14350 
082 |a 540 
082 |b J86/sp16 
245 0 |a Journal of chemical education software;special issue 16 
245 0 |b = General chemistry collection 
260 |a Madison, WI 
260 |b Univ. of Wiscosin-Madison 
260 |c 1998 
650 |a chemistry 
980 |a Trung tâm Học liệu Trường Đại học Cần Thơ